[Event "London Classic op 11th"]
[Site "London"]
[Date "2019.12.01"]
[Round "4"]
[White "Paterek, Michal"]
[Black "Vaddadi, Seshagiri"]
[Result "1-0"]
[WhiteElo "2317"]
[BlackElo "2042"]
[PlyCount "57"]
[EventDate "2019.11.29"]
[EventType "swiss"]
[EventRounds "9"]
[EventCountry "ENG"]
[SourceTitle "CBM 193 Extra"]
[Source "ChessBase"]
[SourceDate "2020.01.31"]
[SourceVersion "1"]
[SourceVersionDate "2020.01.31"]
[SourceQuality "1"]

1. d4 d5 2. c4 e6 3. Nc3 Nf6 4. cxd5 exd5 5. Bg5 Be7 6. e3 h6 7. Bh4 0-0 8. Bd3 Nbd7 9. Nge2 c6 10. f3 c5 11. 0-0 Re8 12. Rc1 b6 13. Bb1 Bb7 14. Kh1 Nf8 15. Qd3 Ng6 16. Bf2 Rc8 17. Qd2 Bd6 18. Bf5 Ra8 19. Nb5 a6 20. Nxd6 Qxd6 21. dxc5 bxc5 22. Rfd1 Rad8 23. b3 Ne5 24. Qa5 g6 25. Bb1 d4 26. e4 Ned7 27. b4 cxb4 28. Rxd4 Qb6 29. Qxb6 1-0

[Event "BCF-chT3 0203 (4NCL)"]
[Site "West Bromwich"]
[Date "2003.04.13"]
[Round "8.6"]
[White "Twitchell, Neville H"]
[Black "Vaddadi, Seshagiri"]
[Result "0-1"]
[WhiteElo "2013"]
[BlackElo "2042"]
[PlyCount "54"]
[EventDate "2002.11.??"]
[EventType "team"]
[EventRounds "11"]
[EventCountry "ENG"]
[SourceTitle "EXT 2004"]
[Source "ChessBase"]
[SourceDate "2003.11.25"]
[SourceVersion "1"]
[SourceVersionDate "2003.11.25"]
[SourceQuality "1"]
[WhiteTeam "Mindsports"]
[BlackTeam "Slough II"]
[WhiteTeamCountry "ENG"]
[BlackTeamCountry "ENG"]

1. e4 c5 2. Nc3 e6 3. g3 d5 4. exd5 exd5 5. d4 Nf6 6. Bg2 Bg4 7. f3 Be6 8. Nge2 Nc6 9. Be3 b6 10. Qd2 Rc8 11. a3 Be7 12. 0-0 0-0 13. f4 Qd7 14. Rad1 Rcd8 15. Kh1 Bh3 16. Bg1 Rfe8 17. Bxh3 Qxh3 18. f5 Ne4 19. Nxe4 dxe4 20. d5 Nd4 21. Nf4 Qxf5 22. Bxd4 cxd4 23. Ne6 Qxd5 24. Nxd4 e3+ 25. Qg2 e2 26. Nxe2 Qxd1 27. Rxd1 Rxd1+ 0-1